Informativní přehled : výběrová bibliografie z archivnictví, pomocných věd historických a příbuzných oborů

Korporativní autor: Státní ústřední archiv v Praze
Jazyk: Čeština
Vydáno: Praha : Státní ústřední archiv, [1990?]-^^^^^^^
Témata:
Fyzický popis: ^^^sv. ; 20 cm
Odebírané ročníky: 1998-
Odebírané svazky: 15-
Noviny a časopisy
Uloženo v:
LEADER 02065nas a22003852a 4500
001 000392845
003 CZ BrMZK
005 20070723134026.0
007 ta
008 010907c19909999xr ar p 0 b0cze d
040 |a BOA001  |b cze 
080 |a 930.25:016  |2 MRF 
245 0 0 |a Informativní přehled :  |b výběrová bibliografie z archivnictví, pomocných věd historických a příbuzných oborů 
260 |a Praha :  |b Státní ústřední archiv,  |c [1990?]-^^^^^^^ 
300 |a ^^^sv. ;  |c 20 cm 
310 |a Nepravidelně 
541 |c pv-r 
653 0 |a archivnictví 
710 2 |a Státní ústřední archiv v Praze  |7 kn20010710637 
902 |a 80-85475-94-4  |q (2002) 
902 |a 80-86712-10-9  |q (2004) 
902 |a 80-86712-25-7  |q (2005) 
902 |a 978-80-86712-49-9  |q (2007) 
910 |a BOA001  |b 2-1047.700  |r 1998-  |s 15- 
964 |a Archivnictví  |x bibliografie 
990 |a SE 
996 6 |b 2610075000  |c 2-1047.700  |d 1998 15  |v 15  |y 1998  |l MZK  |r Sklad / do 1 hodiny  |n 0  |w 000392845  |u 000010  |a 1  |e BOA001  |j MZK50  |s P 
996 6 |b 2610085886  |c 2-1047.700  |d 1998 16  |v 16  |y 1998  |l MZK  |r Sklad / do 1 hodiny  |n 1  |w 000392845  |u 000020  |a 1  |e BOA001  |j MZK50  |s P 
996 6 |b 2610093288  |c 2-1047.700  |d 1999 17  |v 17  |y 1999  |l MZK  |r Sklad / do 1 hodiny  |n 0  |p p.v.  |w 000392845  |u 000030  |a 1  |e BOA001  |j MZK50  |s P 
996 6 |b 2610107272  |c 2-1047.700  |d 1999 18  |v 18  |y 1999  |l MZK  |r Sklad / do 1 hodiny  |n 0  |p p.v.  |w 000392845  |u 000040  |a 1  |e BOA001  |j MZK50  |s P 
996 6 |b 2610132514  |c 2-1047.700  |d 2001 20-21  |v 20-21  |y 2001  |l MZK  |r Sklad / do 1 hodiny  |n 0  |w 000392845  |u 000060  |a 1  |e BOA001  |j MZK50  |s P 
996 6 |b 2610183311  |c 2-1047.700  |d 2002 22  |v 22  |y 2002  |l MZK  |r Sklad / do 1 hodiny  |n 0  |p p.v.  |w 000392845  |u 000070  |a 1  |e BOA001  |j MZK50  |s P 
996 6 |b 2610224048  |c 2-1047.700  |d 2004 23  |v 23  |y 2004  |l MZK  |r Sklad / do 1 hodiny  |n 0  |p p.v.  |w 000392845  |u 000080  |a 1  |e BOA001  |j MZK50  |s P 
996 6 |b 2610252471  |c 2-1047.700  |d 2005 24  |v 24  |y 2005  |l MZK  |r Sklad / do 1 hodiny  |n 0  |p p.v.  |w 000392845  |u 000090  |a 1  |e BOA001  |j MZK50  |s P 
996 6 |b 2610314965  |c 2-1047.700  |d 2006 25  |v 25  |y 2006  |l MZK  |r Sklad / do 1 hodiny  |n 0  |p p.v.  |w 000392845  |u 000100  |a 1  |e BOA001  |j MZK50  |s P